MARC

LEADER 00000nam0a2200000 4500
001 296944
005 20231102000946.0
020 |a RU  |b 84-16813 
035 |a (RuTPU)RU\TPU\book\322064 
090 |a 296944 
100 |a 20150604d1984 km y0rusy5003 ca 
101 0 |a rus 
102 |a RU 
105 |a a z 001zy 
200 1 |a Экономико-организационные проблемы использования и развития информационно-вычислительного потенциала региона  |f А. М. Миняйло 
210 |a Красноярск  |c Изд-во Краснояр. ун-та  |d 1984 
215 |a 163 с.  |c ил. 
320 |a Библиогр.: с. 156-161 
606 1 |a Экономические информационные системы  |2 stltpush  |3 (RuTPU)RU\TPU\subj\71394  |9 85329 
610 1 |a информационная технология 
610 1 |a информационный потенциал 
610 1 |a СССР 
610 1 |a регионы 
610 1 |a организационные проблемы 
610 1 |a вычислительные центры 
610 1 |a использование 
610 1 |a развитие 
610 1 |a переработка 
610 1 |a информация 
686 |a У9(2)39  |v LBC/SL-A  |2 rubbk 
700 1 |a Миняйло  |b А. М.  |g Александр Максимович 
801 0 |a RU  |b RuMRKP  |c 19950704  |g psbo 
801 1 |a RU  |b 63413507  |c 20150604 
801 2 |a RU  |b 63413507  |c 20170726  |g RCR 
942 |c BK